000
00352nam a2200145Ia 4500
100
_a
Walters R.L.
650
_a
Electrical Engineering
942
_c
BK
654
_a
Broadcast writing
245
_a
Broadcast Writing : Principles & Practice
260
_b
Mc Graw Hill
_a
New York
_c
1994
082
_a
808.06671
546
_a
ENGLISH
999
_c
32885
_d
32885